00268nam a2200121Ia 4500008004100000100000900041245002500050260002900075300000800104650001000112942000700122999001700129190216s9999||||xx |||||||||||||| ||und|| aNull 0aHindi-Sapnom Ke Fool bMac Millian And Com. Ltd a103 aHindi cBK c15980d15980